| 000 | 00800nam a2200241 a 4500 | ||
|---|---|---|---|
| 005 | 20250605063846.0 | ||
| 008 | 991125s1979 mad 000 0 spa u | ||
| 020 | _a842061467X | ||
| 035 | _aUPN01000012172 | ||
| 049 | _aCG | ||
| 050 | 4 |
_aB3313 C7.3 _bN5.38 1979 |
|
| 100 | 1 |
_aNietzsche, Friedrich Wilhelm, _d1844-1900 |
|
| 245 | 1 | 0 |
_aCrepúsculo de los ídolos, o, Cómo se filosofa con el martillo / _cFriedrich Nietzsche ; introd., tr. y notas Andrés Sánchez Pascual. |
| 250 | _a3a. ed. | ||
| 260 |
_aMadrid : _bAlianza, _c1979. |
||
| 300 | _a173 p. | ||
| 440 | 3 |
_aEl libro de bolsillo. _pHumanidades ; _v467 |
|
| 650 | 4 |
_aFilosofía alemana _97273 |
|
| 650 | 4 |
_aFilosofía moderna _98266 |
|
| 650 | 2 |
_aRacionalismo _920190 |
|
| 740 | 0 | _aCómo se filosofa con el martillo | |
| 905 | _aLibro | ||
| 999 |
_c12172 _d12172 |
||